UK Number One Artists -2016 - Statistics

General Stats
  • This quiz has been taken 29 times
    27 since last reset
  • The average score is 9 of 13
Answer Stats
Song Artist(s) % Correct
Love Yourself Justin Bieber
100%
Cold Water Major Lazer/Justin Bieber/MØ
100%
Rockabye Clean Bandit/Sean Paul/Anne-Marie
85%
One Dance Drake/Wizkid/Kyla
80%
Say You Won't Let Go James Arthur
80%
Shout Out To My Ex Little Mix
80%
I Took A Pill In Ibiza Mike Posner
80%
Closer The Chainsmokers/Halsey
80%
7 Years Lukas Graham
70%
Pillowtalk Zayn Malik
70%
Stitches Shawn Mendez
40%
Fast Car Jonas Blue/Dakota
35%
Say You Do Sigala/Imani Williams/DJ Fresh
5%
No matching quizzes found
Score Distribution
Percent of People with Each Score
Percentile by Number Answered
Your Score History
You have not taken this quiz since the last reset